Statistics for Dr Who planets A-Z

Click here to take the quiz!

General Stats

  • This quiz has been taken 62 times
  • The average score is 5 of 26

Answer Stats

LetterHintPlanet% Correct
GPlanet of the Time-LordsGallifrey
87%
EThe Doctor's favourite planetEarth
76%
SHome planet of the DaleksSkaro
72%
PPlanet featured in two Ice-Warrior episodesPeladon
28%
DA frontier in space was set between the human empire, and the empire of this planetDraconia
26%
VVengeance on...Varos
26%
FDesolate human colony, bombarded by meteoritesFrontios
19%
AWas at war with ZeosAtrios
17%
NBlue is the official colour of mourning on this planetNecros
17%
KHomeworld of the despotic EldradKastria
13%
MFamous blue planet of the Acteon Galaxy, the 'planet of spiders'Metebelis III
13%
RPlanet that the conman Garron tried to sell to a tyrantRibos
13%
CPlanet rich in greenery, but poor in metal, monopolised by Lady AdrastaChloris
9%
TPlanet where it is the law that everyone must be happyTerra-Alpha
9%
XHome of the gestalt beings the XeriphansXeriphas
9%
ZThe 'Pirate Planet'Zanak
9%
IPolice state, where Vorg and Sherna try to entertain the masses with their 'Carnival of monsters'Inter Minor
7%
JLush green planet, enslaved by the slug-like MestorJaconda
7%
LPeaceful planet, overtaken by the RaniLakertya
6%
OAmino acid swamp planet in Tau Ceti, home to silicon based lifeformOgros
6%
UDying Earth colony, home to a monstrous doomsday weaponUxarieus
6%
BOne of the two planets where Oolion is foundBandraginus V
4%
QThe other planet where Oolion is foundQualactin
4%
HPlanet with immense subterranean citiesHeiradi
0%
WPlanet where a Sondlex crop can be foundWilson I
0%
YAlpha and Beta planets, mentioned in 'The Leisure Hive'Yegros
0%

Score Distribution

Percentile by Number Answered

Percent of People with Each Score

Your Score History

You have not taken this quiz